000 01041nam a2200265 u 4500
001 000024948
005 20200930023452.0
008 110208s1994 ck ad r 000 0 spa d
020 _a9589061729
040 _aDO-SdBNP
_bspa
_cBNPHU
041 1 7 _aspa
_heng
_2Código de idioma MARC
082 _aNNN
_bM638p
100 1 _aMilburn, Michael A.
_951200
240 1 0 _aPersuasion and politics : the social psychology of public opinion
_lEspañol.
245 1 0 _aPersuasión y política :
_bla psicología social de la opinión pública /
_cMichael A. Milburn ; traducción del inglés Pompilio Gutiérrez.
260 _aSantafé de Bogotá :
_bCerec,
_c1994.
300 _a245 p. ;
_c20 cm.
490 1 _aAutores norteamericanos
_v5
534 _aTítulo original:
_tPersuasion and politics : the social psychology of public opinion
700 1 _aGutiérrez, Pompilio
_etr.
_951201
700 1 _aCárdenas, Martha
_eed.
_925780
700 1 _aCorrea, Hernán Dario
_eed.
_951202
830 0 _aAutores norteamericanos ;
_v5
_951203
049 _aBNGR
999 _c24441
_d24441